Pays commençant par la lettre S - Carte Quiz - Statistiques

Statistiques générales
  • Ce quiz a été pris 497 fois
  • Le résultat moyen est 19 sur 22
Réponses sur la Carte
Les réponses sont colorées sur une échelle allant du rouge au vert en fonction du pourcentage des utilisateurs qui les ont devinées à leur premier essai. Vous pouvez retrouver ces pourcentages ci-dessous.
 
Statistiques - réponses
Pays % Correct
Suède
99%
Suisse
99%
Slovaquie
98%
Slovénie
97%
Soudan
95%
Serbie
93%
Somalie
93%
Suriname
93%
Saint-Marin
91%
Soudan du Sud
91%
Syrie
91%
Sénégal
88%
Sri Lanka
88%
Seychelles
83%
Sainte-Lucie
78%
Salvador
76%
Sierra Leone
76%
Singapour
76%
Saint-Vincent-et-les-Grenadines
73%
Saint-Christophe-et-Niévès
72%
Samoa
72%
Sao Tomé-et-Principe
72%
Aucun quiz correspondant
Distribution des résultats
% des personnes avec chaque résultat
Percentile par nombre de réponses
Votre historique - résultats
Vous n’avez pas pris ce quiz